Takaragura /
Saved in:
| 主要作者: | |
|---|---|
| 格式: | 图书 |
| 语言: | Japanese |
| 出版: |
Tōkyō :
Meiji Shoin,
Shōwa 7 [1932]
|
| 丛编: | Haisho sanchin
|
| 主题: | |
| 标签: |
添加标签
没有标签, 成为第一个标记此记录!
|
| LEADER | 00968nam a2200301 a 4500 | ||
|---|---|---|---|
| 001 | 007734441-3 | ||
| 005 | 20024617122053.0 | ||
| 008 | 970812s1932 ja a 000 0 jpn d | ||
| 035 | 0 | |a ocm37634970 | |
| 040 | |a NNC-EA |c NNC-EA |d *YNH* |d CStRLIN | ||
| 043 | |a a-ja--- | ||
| 050 | 4 | |a PL762.H3 |b Y28 | |
| 100 | 1 | |6 880-01 |a Yamaoka, Genrin, |d 1631-1672. | |
| 245 | 1 | 0 | |6 880-02 |a Takaragura / |c [Yamaoka Genrin]. |
| 246 | 1 | |6 880-03 |i Other title: |a Saiwaigura | |
| 260 | |6 880-04 |a Tōkyō : |b Meiji Shoin, |c Shōwa 7 [1932] | ||
| 300 | |a 3, 1, 4, 117 p. : |b ill. ; |c 20 cm. | ||
| 490 | 0 | |6 880-05 |a Haisho sanchin | |
| 650 | 0 | |a Haiku. | |
| 650 | 0 | |a Haikai. | |
| 650 | 0 | |a Japanese poetry |y Edo period, 1600-1868. | |
| 880 | 1 | |6 100-01 |a 山岡元隣, |d 1631-1672. | |
| 880 | 1 | 0 | |6 245-02 |a 寶蔵 / |c [山岡元隣]. |
| 880 | 1 | |6 246-03 |i Other title: |a 幸藏 | |
| 880 | |6 260-04 |a 東京 : |b 明治書院, |c 昭和7 [1932] | ||
| 880 | 0 | |6 490-05 |a 俳書三珍 | |
| 988 | |a 20021221 | ||
| 906 | |0 OCLC | ||


